عرض عادي عرض مارك
  • يحيى، خولة أحمد

مدخل إسم شخص

عدد التسجيلات المستخدمة في: 1

001 - رقم الضبط

  • حقل الضبط: 21497

003 - معرف رقم الضبط

  • حقل الضبط: OSt

005 - تاريخ ووقت أخر عملية

  • حقل الضبط: 20130211124911.0

008 - عناصر بيانات ثابتة الطول

  • حقل تحكم ثابت الطول: 130211|||a|||||| | ||| d

040 ## - مصدر الفهرسة

  • هيئة الفهرسة الأصلية: OSt
  • وكالة الكتابة: OSt

100 ## - مدخل -- أسم شخص

  • إسم شخص: يحيى، خولة أحمد

670 ## - بيانات المصدر موجوده

  • الاستشهاد بالمصدر: Work cat.: (OSt): يحيى، خولة أحمد, مقدمة في الإعاقات الشديدة والمتعددة /, 2013.